000
00312nam a22001217a 4500
008
211026b ||||| |||| 00| 0 eng d
020
_a
9788178559094
050
_a
330
_b
1
245
_a
MCQs In Economics Class XII (CBSE) Term 1
260
_a
New Delhi
_b
Arya Publications
_c
2021
300
_a
1
942
_c
BK
_2
ddc
999
_c
11857
_d
11857